000 01203nam a2200301 a 4500
001 000049009
003 DO-SdBNP
005 20240927073749.0
008 190715s2013 dr a r 000 0 spa d
020 _a9789945007282
040 _aDO-SdBNP
_bspa
_cBNPHU
082 4 _a923.27293
_bD812b, 2013
_222
100 1 _a Balaguer, Joaquín,
_d1906-2002
_976556
245 1 3 _aEl Cristo de la libertad /
_cJoaquín Balaguer; prólogo Jorge Tenas Reyes.
260 _aSanto Domingo :
_bLiga Municipal Dominicana
_bFundación Joaquín Balaguer,
_c2013.
300 _a208 p. :
_bil. , fots., retrs. ;
_c23 cm.
500 _aIncluye datos biográficos del autor en las solapas
500 _aBicentenario del natalicio de Juan Pablo Duarte (1813-2013)
500 _aIncluye índice onomástico
504 _aBibliografía : p. 187-200
590 _aInventariado, 2019/BT
600 1 0 _aDuarte, Juan Pablo,
_d1813-1876
_91494
650 4 _aEstadistas
_zRepública Dominicana
_vBiografías
_945404
651 4 _aRepública Dominicana
_x República Dominicana
_xHistoria
_y 1844-1930
_981356
710 1 _aTenas Reyes, Jorge,
_epról.
_976434
910 _aValidado. Control de calidad MFF
942 _2ddc
_cLBS1
999 _c48497
_d48497